000 00269nam a2200109Ia 4500
008 220204s9999 xx 000 0 und d
082 _a035
_bSAV
100 _aSAVANT, John
245 0 _aRed tape unleashed
260 _aBombay
_bBharatiya Vidya Bhavan
_c1978
942 _cBK
999 _c33600
_d33600